000 004380000a22001810004500
003 MACL
005 20150814160124.0
008 150814b xxu||||| |||| 00| 0 eng d
040 _aMACL
_cMACL
041 _aEnglish
082 _a403/SIN
100 _aSingha,H.S.
_95666
245 _aMini Encyclopaedia Of Sikhism
260 _bHemkunt Press
_c1989
_aNew Delhi
350 _a25
650 _aEncyclopaedia
_95667
942 _cBK
_k403
_2ddc
999 _c4338
_d4338